zpět

Detail výsledku týmu

Pardubický Pub PO, Pardubice

Datum a čas kvízu

27.5 Celkem bodů Celkový počet nahraných bodů na tomto kvízu bez doplňovacích otázek.
3. Pořadí na kvízu Konečné umístění týmu na tomto kvízu.

Zaznamenané odpovědi

# Otázka Odpověď Body Výsledky
1. Který z bývalých premiérů Česk... Jiří Paroubek 0
2. Evropský parlament minulý týde... Alexej Navalnyj 1
3. Minulý čtvrtek měl v českých k... Duna 1
4. Firma Apple opět vzbudila pozo... Čisticí hadřík. 1
5. Vyprodáno. Podle očekávání sle... Seattle Kraken 1
6. Toto téma začneme manželkami k... 1B 2C 3D 4A 0
7. Přesuneme se ke Králi popu. Ja... The Jackson 5 1
8. Kterému sportu se profesionáln... Tenisu. 0
9. Mnoho deskových her využívá kr... Shogi 0
10. V roce 2021 streamovací platfo... Král Šamanů (Shaman King) 1